000 01092cam a2200313 i 4500
001 66362
003 Mx-PuUPA
005 20251023143017.0
008 161019s2014 sp r 000 0 spa d
020 _a9788425431647
040 _aMx-PuUPA
_bspa
_cMx-PuUPA
_dMx-PuUPA
_erda
041 1 _aspa
_hfre
100 1 _aGrondin, Jean,
_d1955-
_eautor
_92788
240 1 2 _aÁ l'écoute du sens.
_lEspañol
245 1 0 _aA la escucha del sentido :
_bconversaciones con Marc-Antoine Vallé /
_cJean Grondin, traducción de María Pons Irazazábal.
264 1 _aBarcelona :
_bHerder Editorial,
_c©2014
300 _a170 páginas ;
_c20 cm.
336 _atexto
_2rdacontent
_btxt
337 _asin medio
_2rdamedia
_bn
338 _avolumen
_2rdacarrier
_bnc
650 4 _aFilosofía
_zQuebec (Provincia)
_xHistoria
650 4 _aFilosofía canadiense
650 4 _aFilosofía
_xHistoria
700 1 _aPons Irazazábal, María,
_etraductor
765 0 8 _aGrondin, Jean,
_tÁ l'écoute du sens.
942 _2ddc
_cLI
_h199.714
_iG873
999 _c66362
_d66362